Sklepy o nazwie zwierzęcia lub rośliny w Polsce - Statystyki

Ogólne statystyki
  • Ten quiz został rozwiązany 196 razy
    165 od ostatniego zresetowania
  • Średni wynik to 8 z 9
Statystyki odpowiedzi
Obrazkowy Odpowiedź % Poprawnych
Biedronka
100%
Stokrotka
99%
Żabka
99%
Dino
96%
Groszek
96%
Mrówka
96%
Jeżyk
87%
Wiewiórka
85%
Małpka Express
7%
Nie znaleziono quizów pasujących do podanych kryteriów
Rozkład punktacji
Procent ludzi z każdym wynikiem
Percentyl według liczby udzielonych odpowiedzi
Twoja historia wyników
Nie rozwiązałeś tego quizu od ostatniego zresetowania